The Wind in the willows / (Record no. 116409)
[ view plain ]
| 000 -LEADER | |
|---|---|
| fixed length control field | 00387nam a2200145 a 4500 |
| 005 - DATE AND TIME OF LATEST TRANSACTION | |
| control field | 20140513081053.0 |
| 008 - FIXED-LENGTH DATA ELEMENTS--GENERAL INFORMATION | |
| fixed length control field | 090910s19uu xx 00 eng d |
| 020 ## - INTERNATIONAL STANDARD BOOK NUMBER | |
| International Standard Book Number | 0-7214-0757-9 |
| 050 ## - LIBRARY OF CONGRESS CALL NUMBER | |
| Classification number | Kit |
| Item number | WIN 1983 |
| 245 ## - TITLE STATEMENT | |
| Title | The Wind in the willows / |
| Statement of responsibility, etc | Collins, Joan. |
| 260 ## - PUBLICATION, DISTRIBUTION, ETC. (IMPRINT) | |
| Place of publication, distribution, etc | England : |
| Name of publisher, distributor, etc | Ladybird, |
| Date of publication, distribution, etc | 1983. |
| 300 ## - PHYSICAL DESCRIPTION | |
| Extent | 50p. |
| 440 ## - SERIES STATEMENT/ADDED ENTRY--TITLE | |
| Title | Ladybird childrens classics |
| Withdrawn status | Lost status | Damaged status | Home library | Current library | Shelving location | Date acquired | Source of acquisition | Total Checkouts | Full call number | Barcode | Date last seen | Price effective from | Koha item type |
|---|---|---|---|---|---|---|---|---|---|---|---|---|---|
| Elizalde Library | Elizalde Library | KIT Section | 09/10/2009 | Kit WIN 1983 | E406 | 05/13/2014 | 05/13/2014 | Kits |